000 00628nam a2200169Ia 4500
008 230907s9999||||xx |||||||||||||| ||und||
082 _a621.3
_bUSS
100 _aUssama Khalid Barki (00000119203)
_9116367
245 0 _aDevelopment of kevlar (poly-aramid) based polymer electrolyte membrane for high temperature polymer electrolyte membrane fuel cell (HT-PEMFC) /
260 _aUSPCAS-E, NUST,
_bIslamabad :
_c2018
300 _axvi, 136 p.
520 _aTH-85
650 _aMS-ESE Thesis MS Thesis
700 _aDr Muhammad Bilal A Khan
_9118020
700 _aCo-Supervisor : Dr Zuhair S. Khan
_9118021
942 _cTHE
_2ddc
999 _c601764
_d601764